| 000 | 01046nam a2200301 a 4500 | ||
|---|---|---|---|
| 001 | 0000159 | ||
| 003 | DO-SdBNP | ||
| 005 | 20231011084720.0 | ||
| 007 | 0000159 | ||
| 008 | 100223s1999 sp a 000 d spa d | ||
| 020 | _a8481301566 | ||
| 040 |
_aBPMSU _bspa _cBPMSU |
||
| 082 | 4 |
_a862.3 _bC146v 1999 _222 |
|
| 100 | 1 |
_aCalderón de la Barca, Pedro, _d1600–1681. |
|
| 245 | 1 | 3 |
_aLa vida es sueño / _cPedro Calderón de la Barca ; Calderón de la Barca ; edición de Guillermo Serés ; prólogo de Javier Villán. |
| 260 |
_aMadrid : _bMilenium, _c1999 |
||
| 300 |
_a127 p. ; _c23 cm. _b |
||
| 490 | 0 |
_aBiblioteca El Mundo; _aJoyas del Milenio |
|
| 490 |
_aMillenium : las 100 joyas del milenio, _v39 |
||
| 504 | _aIncluye referencias bibliográficas y notas al pie de las páginas. | ||
| 590 | _aInventariado, 2023/VM | ||
| 650 | 4 | _aTeatro español | |
| 650 | 4 | _aLiteratura española | |
| 700 | 1 |
_aVillán, Javier, _epról. |
|
| 700 | 1 | 2 |
_aSerés, Guillermo, _eed. |
| 910 | _aVMateo V. Control de calidad BPMSU | ||
| 942 |
_2ddc _cBK |
||
| 999 |
_c10877 _d10877 |
||